000 00548nam a2200217Ia 4500
003 OSt
005 20220926043550.0
006 a|||||r|||| 00| 0
007 ta
008 220923b |||||||| |||| 00| 0 eng d
037 _cGeneral Book
040 _aRTL
_cRTL
_beng
041 _2eng
_aeng
082 _aU28, J9
100 _aBolin Bert Ed.
_994640
245 0 _aAtmosphere and the sea in motion
260 _c1959
650 _aMeteorology
_9200073
942 _hU28, J9
_cGB
_2CC
999 _c672650
_d672650